Statistics for Hollyoaks 2017

Click here to take the quiz!

General Stats

  • This quiz has been taken 1,135 times
    (946 since last reset)
  • The average score is 36 of 62

Answer Stats

surnamename% Correct
HaySte
88%
CunninghamCindy
86%
BlakeSienna
85%
HutchinsonTony
85%
BarnesAmy
84%
BlackGrace
83%
CunninghamTom
80%
LovedayLisa
78%
LomaxPeri
76%
HutchinsonDiane
75%
LomaxLeela
75%
FoxWarren
75%
OsbourneDarren
73%
OsbourneNancy
72%
CunninghamHolly
70%
McqueenMercedes
70%
McqueenMyra
70%
OsbourneJack
69%
BarnesLeah
69%
NightingaleMac
67%
ButterfieldKim
66%
LomaxTegan
66%
NightingaleJames
65%
LovedaySimone
65%
LovedayLouis
64%
LovedayZack
64%
NightingaleEllie
63%
BloomEsther
63%
BarnesLucas
63%
DrinkwellScott
62%
NightingaleAlfie
60%
McqueenCleo
60%
NightingaleMarnie
60%
ThompsonHarry
59%
CampbellCourtney
57%
KnightRyan
57%
SavageDirk
56%
McqueenGoldie
54%
DexterJoel
54%
CampbellCamron
52%
McqueenPrince
51%
HutchinsonDee Dee
50%
OsbourneFrankie
50%
McqueenJohn paul
49%
Mcqueennana
49%
McqueenHunter
48%
NightingaleNathan
47%
RoscoeFreddie
46%
BlakeMaxine
46%
OsbourneOscar
43%
OsbourneCharlie
42%
LomaxDaniel
42%
LomaxRose
41%
CunninghamHilton
40%
BuchananPete
40%
HutchinsonAnthony
38%
BlakeMinnie
35%
AlbrightSonia
35%
De La CruzDiego
32%
McqueenCeline
26%
RoyleCurtis
25%
McqueenMatthew
17%

Score Distribution

Percentile by Number Answered

Percent of People with Each Score

Your Score History

You have not taken this quiz since the last reset